Statistiche per Quiz geografico sull'Italia

Clicka qui per fare il quiz!

Statistiche generali

  • Questo quiz è stato fatto 181 volte
    (141 dall'ultimo reset)
  • Il punteggio medio è 4 su 12

Statistiche sulle risposte

DomandaRisposta% Corretto
Capoluogo di provincia più settentrionaleBolzano
73%
Fiume più lungoPo
67%
Lago più estesoGarda
62%
Punto più elevatoMonte Bianco
52%
Capoluogo di provincia più meridionaleRagusa
50%
Capoluogo di provincia più orientaleLecce
45%
Capoluogo di provincia più occidentaleAosta
34%
Punto più meridionaleLampedusa
14%
Punto più settentrionaleTesta Gemella Occidentale
10%
Punto più orientalePunta Palascia
5%
Punto meno elevatoContane
2%
Punto più occidentaleRocca Bernauda
0%

Distribuzione punteggi

Percentile per numero di risposta

Percentuale di utenti per punteggio

I tuoi punteggi nel tempo

Non hai fatto questo quiz dall'ultimo reset